00881nam a22002295a 450000500170000000800410001702000180005802200130007604000280008908200210011711000570013824501070019526000540030230000280035650500360038465000290042065100100044965300250045994200080048499900170049295201420050920171113112821.0171113s2011 waua fry i000 0 eng d a9781616351472 a02523035 aEG-ScBUEbengcEG-ScBUE04a332.152bBAL2222 aInternational Monetary Fund.bStatistics Department.10aBalance of payments statistics :byearbook 2011 /cStatistics Department, International Monetary Fund. aWashington :bInternational Monetary Fund,c2011. av. 1. :bill. ;c28 cm.2 av. 62, Part. 1. Country Tables. 7aBalance of trade.2BUEsh 2BUEsh bBUSECOcNovember2017 2ddc c25568d25540 00102ddc40708M-E-OaMAINbMAINc0THd2017-11-13ePurchaseg1530.00h001339l0o332.152 BALp000042452r2025-07-15 00:00:00yREFERENCE